[Event "Madrid City-ch Seniors 50"]
[Site "Madrid"]
[Date "2021.04.13"]
[Round "6"]
[White "Marin Lopez, Jeronimo"]
[Black "Elissalt Cardenas, Hector"]
[Result "0-1"]
[WhiteElo "1899"]
[BlackElo "2286"]
[PlyCount "54"]
[EventDate "2021.04.06"]
[EventType "swiss"]
[EventRounds "9"]
[EventCountry "ESP"]
[SourceTitle "EXT 2022"]
[Source "ChessBase"]
[SourceDate "2021.10.06"]
[SourceVersion "1"]
[SourceVersionDate "2021.10.06"]
[SourceQuality "1"]

1. e4 e5 2. Nf3 Nc6 3. Bc4 g6 4. d4 exd4 5. Nxd4 Bg7 6. Nxc6 bxc6 7. 0-0 Ne7 8. Nc3 0-0 9. Bg5 h6 10. Bh4 Rb8 11. Rb1 Rb4 12. Qd3 g5 13. Bg3 Ng6 14. a3 Rb6 15. f4 gxf4 16. Rxf4 Nxf4 17. Bxf4 Qf6 18. Be3 d6 19. Rf1 Qe5 20. Ne2 d5 21. exd5 cxd5 22. Bxd5 Rd6 23. c4 Ba6 24. Bc5 Rxd5 25. Qxd5 Qxd5 26. cxd5 Bxe2 27. Bxf8 Bd4+ 0-1